Normal view
MARC view
Entry Personal Name
001 - CONTROL NUMBER
- control field: 7671
003 - CONTROL NUMBER IDENTIFIER
- control field: OSt
005 - DATE AND TIME OF LATEST TRANSACTION
- control field: 20211028144210.0
008 - FIXED-LENGTH DATA ELEMENTS
- fixed length control field: 211028|| aca||aabn | a|a d
040 ## - CATALOGING SOURCE
- Original cataloging agency: OSt
- Transcribing agency: OSt
100 ## - HEADING--PERSONAL NAME
- Personal name: Muralidhar, K M.
- Miscellaneous information: 1516095
670 ## - SOURCE DATA FOUND
- Source citation: Work cat.: (OSt): Muralidhar, K M. 1516095, Study on consumers taste and preferences towards Nandini milk and products (Bamul) in Bangalore., 2017